Normal view
MARC view
Entry Personal Name
001 - CONTROL NUMBER
- control field: 1238040
003 - CONTROL NUMBER IDENTIFIER
- control field: OSt
005 - DATE AND TIME OF LATEST TRANSACTION
- control field: 20260430150627.0
008 - FIXED-LENGTH DATA ELEMENTS
- fixed length control field: 260430|| aca||aabn | a|a d
040 ## - CATALOGING SOURCE
- Original cataloging agency: OSt
- Transcribing agency: OSt
100 ## - HEADING--PERSONAL NAME
- Personal name: Chapagain Ramkrishna Au.; Singh Amit Kumar Gu
670 ## - SOURCE DATA FOUND
- Source citation: Work cat.: (OSt)1850245: Chapagain Ramkrishna Au.; Singh Amit Kumar Gu., Impact of Sustainable Financing on Firm Performance: An Empirical Study of Selected Firms in India and Nepal, 2024
